000
00319nam a2200133Ia 4500
008
240624s9999 xx 000 0 und d
041
_a
eng
082
_a
152.46 JIM
100
_a
JIMENEZ LISA
245
_a
CONQUER FEAR
260
_c
2005
_a
New Delhi
_b
Macmillan
300
_a
xx, : 145 : p. : cm. ; 23
365
_c
RS
_b
35
999
_c
8005
_d
8005